000000537 001__ 537 000000537 005__ 20260410124448.0 000000537 0247_ $$2DOI$$a10.6083/M4GF0RG1 000000537 037__ $$aETD 000000537 245__ $$aInvolvement of the amygdala and nucleus accumbens in ethanol-conditioned reinforcement in mice 000000537 260__ $$bOregon Health and Science University 000000537 269__ $$a2008 000000537 336__ $$aDissertation 000000537 502__ $$bPh.D. 000000537 502__ $$gBehavioral & Systems Neuroscience 000000537 520__ $$aEnvironmental cues paired with ethanol can acquire motivational significance through Pavlovian conditioning and influence ethanol‑seeking and relapse‑related behaviors. However, the neural mechanisms underlying ethanol‑conditioned reinforcement remain poorly understood. Conditioned place preference (CPP) provides a useful model for examining how ethanol‑associated cues acquire and express reinforcing properties in the absence of the drug. In CPP, repeated pairings of ethanol with a distinct environmental context lead to a preference for that context, reflecting the rewarding effects of ethanol. The present studies use the CPP paradigm to investigate the neural and associative learning processes involved in the acquisition and expression of cue‑induced ethanol‑seeking behavior. 000000537 540__ $$fCC BY 000000537 542__ $$fIn copyright - single owner 000000537 650__ $$aAmygdala$$014642 000000537 650__ $$aEthanol$$014406 000000537 650__ $$aNucleus Accumbens$$023067 000000537 650__ $$aPhysiological Effects of Drugs$$035654 000000537 650__ $$aConditioning, Operant$$017006 000000537 650__ $$aMice$$036842 000000537 691__ $$aSchool of Medicine$$041369 000000537 692__ $$aDepartment of Behavioral Neuroscience$$041394 000000537 7001_ $$aGremel, Christina$$uOregon Health and Science University$$041354 000000537 8564_ $$986db80a9-e5b0-4c97-92f1-630dc2bd7e23$$s2406308$$uhttps://digitalcollections.ohsu.edu/record/537/files/538_etd.pdf$$ePublic$$2b686e739c82e48d815fe7f5395fdaa70$$31 000000537 901__ $$a<p>These documents are archival records. They are retained for historical reference only. </p><p><b>Need an accessible version? Use the ‘Get Accessible Copy’ link above.</b></p> 000000537 905__ $$a/rest/prod/25/14/nk/49/2514nk499 000000537 909CO $$ooai:digitalcollections.ohsu.edu:537$$pstudent-work 000000537 956__ $$aGet Accessible Copy$$uhttps://ohsu.libwizard.com/f/requestaccessibledocument 000000537 980__ $$aTheses and Dissertations